Mixed Word: Cars II Quiz Stats

 Plays Quiz Updated May 12, 2012

Support Sporcle.
Go Orange.
Score 0/12 Timer 03:00
1 Play Today
Mixed Word Car % Correct
FLOGGO[L]F
98.9%
RADGN XRPI[G]RAND PRIX
84.2%
NONE[N]EON
83.3%
NITTAT[I]TAN
70.6%
EVECHELLC[H]EVELLE
69.6%
ERGARCHCH[A]RGER
69%
RACMYCAM[R]Y
66.7%
TIMAA[M]IATA
58.7%
Car manufacturer made from answers:Lamborghini
53.9%
BADILODIA[B]LO
42.5%
CODRACACC[O]RD
42.4%
CEPSELIECL[I]PSE
37.9%

From the Vault

Capital Presidents

by Jsb6da

History 60s
Naming your state capital after a president isn't very creative, but those names do have a certain ring to them.
Remove Ads.
Support Sporcle.
Get the best of Sporcle when you Go Orange. This ad-free experience offers more features, more stats, and more fun while also helping to support Sporcle. Thank you for becoming a member.

Show Comments

Extras

Top Quizzes Today


Score Distribution

Your Account Isn't Verified!

In order to create a playlist on Sporcle, you need to verify the email address you used during registration. Go to your Sporcle Settings to finish the process.

Report this User

Report this user for behavior that violates our Community Guidelines.

Details: